000 00335nam a2200133Ia 4500
005 20251222143151.0
008 251222s9999||||xx |||||||||||||| ||spa||
020 _a978-612-4081-27-9
082 _a657.46/G63
100 _aGómez Aguirre, Antonio
245 0 _aFiscalización Tributaria:
264 _bGaceta Jurídica
942 _cLIB
999 _c12694
_d12694